000 00817cab a22002175a 4500
001 L137575
008 070417e20070405xxk f 000 0 eng d
035 _a(Sirsi) u137575
041 0 _aeng
100 1 _aKucharek, Jan-Carlos
245 0 0 _aSpecifier
_bdoors and windows
260 _c2007
490 0 _aBuilding
_v272(8474) 5 April 2007, 62-70(7)
520 _aLooks at how modern technologies have signalled the return of timber windows by improving their sustainability. Other articles cover new door and window products, key suppliers and the whole-life cost of window assemblies.
590 _aKA
651 4 _aUnited Kingdom
_y
690 _aBUILT ENVIRONMENT-BUILDING ELEMENTS-PARTS OF BUILDING ELEMENTS-OPENINGS
690 _aBUILT ENVIRONMENT-BUILDING COSTS
700 1 _aMayer, Peter
942 _n0
999 _c78664
_d78664